MARC details
| 000 -CABECERA |
| campo de control de longitud fija |
01684nam a2200325 i 4500 |
| 001 - NÚMERO DE CONTROL |
| campo de control |
000045372 |
| 003 - IDENTIFICADOR DEL NÚMERO DE CONTROL |
| campo de control |
DO-SdBNP |
| 005 - FECHA Y HORA DE LA ÚLTIMA TRANSACCIÓN |
| campo de control |
20260114124704.0 |
| 007 - CAMPO FIJO DE DESCRIPCIÓN FÍSICA--INFORMACIÓN GENERAL |
| campo de control de longitud fija |
ta |
| 008 - DATOS DE LONGITUD FIJA--INFORMACIÓN GENERAL |
| campo de control de longitud fija |
150305s2014 dr d 001 0 spa d |
| 020 ## - NÚMERO INTERNACIONAL ESTÁNDAR DEL LIBRO |
| Número Internacional Estándar del Libro |
9789945586152 |
| 040 ## - FUENTE DE LA CATALOGACIÓN |
| Centro catalogador/agencia de origen |
DO-SdBNP |
| Lengua de catalogación |
spa |
| Centro/agencia transcriptor |
BNPHU |
| Normas de descripción |
rda |
| 041 ## - CÓDIGO DE LENGUA |
| Código de lengua del texto/banda sonora o título independiente |
spa |
| 082 #4 - NÚMERO DE LA CLASIFICACIÓN DECIMAL DEWEY |
| Número de clasificación |
xxx |
| Número de documento/Ítem |
xxx |
| Número de edición |
22 |
| 100 1# - ENTRADA PRINCIPAL--NOMBRE DE PERSONA |
| Nombre de persona |
Martínez Moya, Arturo, |
| Fechas asociadas al nombre |
1949- |
| Término indicativo de función/relación |
autor |
| Código de función/relación |
aut. |
| 9 (RLIN) |
73407 |
| 245 10 - MENCIÓN DE TÍTULO |
| Título |
Crecimiento económico dominicano 1844-1950 : |
| Resto del título |
recesiones, grandes tendencias y etapas relevantes del producto total y per cápita / |
| Mención de responsabilidad, etc. |
Arturo Martínez Moya ; edición y corrección, Willian Capellán Ferreira. |
| 264 #4 - PRODUCCIÓN, PUBLICACIÓN, DISTRIBUCIÓN, FABRICACIÓN Y COPYRIGHT |
| Producción, publicación, distribución, fabricación y copyright |
Santo Domingo, República Dominicana : |
| Nombre del de productor, editor, distribuidor, fabricante |
Archivo General de la Nación, |
| Fecha de producción, publicación, distribución, fabricación o copyright |
©2014. |
| 300 ## - DESCRIPCIÓN FÍSICA |
| Extensión |
415 páginas : |
| Otras características físicas |
gráficos ; |
| Dimensiones |
23 cm. |
| 336 ## - TIPO DE CONTENIDO |
| Término de tipo de contenido |
texto |
| Código de tipo de contenido |
txt |
| Fuente |
rdacontent |
| 337 ## - TIPO DE MEDIO |
| Nombre/término del tipo de medio |
sin mediación |
| Código del tipo de medio |
n |
| Fuente |
rdamedia |
| 338 ## - TIPO DE SOPORTE |
| Nombre/término del tipo de soporte |
volumen |
| Código del tipo de soporte |
nc |
| Fuente |
rdacarrier |
| 490 1# - MENCIÓN DE SERIE |
| Mención de serie |
Colección Archivo General de la Nación |
| Designación de volumen o secuencia |
224 |
| 500 ## - NOTA GENERAL |
| Nota general |
Incluye datos biográficos del autor en la solapa de la cubierta. |
| 500 ## - NOTA GENERAL |
| Nota general |
Incluye referencias bibliográficas, notas al pie de las páginas e índice onomástico |
| 504 ## - NOTA DE BIBLIOGRAFÍA, ETC. |
| Nota de bibliografía, etc. |
Bibliografía : páginas 183-191 |
| 505 0# - NOTA DE CONTENIDO CON FORMATO |
| Nota de contenido con formato |
Preámbulo -- |
| Información miscelánea |
Capítulo 1-- |
| Título |
Producto interno bruto 1844-1880 -- |
| Información miscelánea |
Capítulo 2-- |
| Título |
Producto interno bruto -1880-1950 -- |
| -- |
Bibliografía -- |
| -- |
Apéndice estadístico 1-- |
| -- |
Producto Interno Bruto 1 1844-1880-- |
| -- |
Apéndice estadístico 2-- |
| -- |
Producto Interno Bruto 1 1880-1950-- |
| -- |
Índice de cuadros -- |
| -- |
Índice de gráficos-- |
| -- |
Índice onomástico. |
| 590 ## - NOTA LOCAL (RLIN) |
| Nota local |
Inventariado, 2024/BT |
| 700 1# - PUNTO DE ACCESO ADICIONAL--NOMBRE DE PERSONA |
| Nombre de persona |
Capellán Ferreira, Willian, |
| Término indicativo de función/relación |
edición y corrección |
| Código de función/relación |
ed. y corr. |
| 9 (RLIN) |
73408 |
| 942 ## - ELEMENTOS DE PUNTO DE ACCESO ADICIONAL (KOHA) |
| Fuente del sistema de clasificación o colocación |
Dewey Decimal Classification |
| Tipo de ítem Koha |
Libro |